| 000 | 00978nam a2200229 a 4500 | ||
|---|---|---|---|
| 001 | 79175 | ||
| 003 | BD-RjUL | ||
| 005 | 20220113123756.0 | ||
| 008 | 220113s2021 bg ||||| |||| 00| 0 ben d | ||
| 020 |
_a9789849579564 _c: Tk.400.00 |
||
| 035 | _a(BD-RjUL)79175 | ||
| 040 |
_aBD-RjUL _beng _cBD-RjUL |
||
| 041 | _aben | ||
| 082 |
_223 _a954.9205092 _bRAB 2021 |
||
| 100 |
_aরহমান, মোঃ মাহবুবুর _9717 |
||
| 245 |
_aবঙ্গবন্ধুর জীবনীর বহুমাত্রিক পাঠ মুনতাসীর মামুনের বঙ্গবন্ধু চর্চা / _cমোঃ মাহবুবুর রহমান |
||
| 260 |
_aঢাকা : _bঅনন্যা, _c২০২১ |
||
| 300 |
_a২৩৯ পৃ.; _c২২ সেমি. |
||
| 600 |
_aমুজিবুর রহমান , _cশেখ, _d১৯২০-১৯৭৫ |
||
| 600 |
_aMujibur Rahman, _cSheikh, _d1920-1975 |
||
| 942 |
_2ddc _cBK |
||
| 999 |
_c79175 _d79175 |
||